Sổ tay công tác giáo dục phòng chống nhiễm HIV/AIDS
Guardat en:
| Format: | Llibre |
|---|---|
| Idioma: | Undetermined |
| Publicat: |
Hà Nội
Giáo Dục
1998
|
| Matèries: | |
| Etiquetes: |
Afegir etiqueta
Sense etiquetes, Sigues el primer a etiquetar aquest registre!
|
| Thư viện lưu trữ: | Trung tâm Học liệu Trường Đại học Cần Thơ |
|---|
| LEADER | 00602nam a2200169Ia 4500 | ||
|---|---|---|---|
| 001 | CTU_29202 | ||
| 008 | 210402s9999 xx 000 0 und d | ||
| 082 | |a 614.5 | ||
| 082 | |b S450 | ||
| 245 | 0 | |a Sổ tay công tác giáo dục phòng chống nhiễm HIV/AIDS | |
| 245 | 0 | |c Bộ giáo dục và đào tạo. Ban chỉ đạo phòng chống AIDS ma túy | |
| 260 | |a Hà Nội | ||
| 260 | |b Giáo Dục | ||
| 260 | |c 1998 | ||
| 650 | |a Aids,Communicable diseases,Health education,Public health | ||
| 904 | |i Huỳnh Mai | ||
| 980 | |a Trung tâm Học liệu Trường Đại học Cần Thơ | ||